Statistics for Michael Jordan Trivia

Click here to take the quiz!

General Stats

  • This quiz has been taken 10,813 times
  • The average score is 16 of 21

Answer Stats

Hint Answer % Correct
NBA team he won six
championships with
Chicago Bulls
99%
Number he wore for that team23
95%
Sport he played professionally
in 1994
Baseball
94%
Second-best player on that teamScottie Pippen
94%
Nickname of the 1992 U.S.
Olympic Team
{Dream} Team
90%
Movie he starred in in 1996Space Jam
89%
NBA team that he ended
his career with
Washington Wizards
88%
His nickname{Air} Jordan
87%
Rebounding specialist on that teamDennis Rodman
87%
NBA team that he owns part ofCharlotte Hornets
85%
Players with more NBA pointsKareem Abdul-Jabbar
83%
Players with more NBA pointsLeBron James
82%
Players with more NBA pointsKobe Bryant
79%
College he played forNorth Carolina
78%
Coach of that teamPhil Jackson
75%
Players with more NBA pointsKarl Malone
65%
Players drafted above JordanHakeem Olajuwon
54%
Beverage brand that advised
people to "be like Mike"
Gatorade
52%
Underwear brand he advertisesHanes
44%
His middle nameJeffrey
42%
Players drafted above JordanSam Bowie
39%

Score Distribution

Percentile by Number Answered

Percent of People with Each Score

Your Score History

You have not taken this quiz